Catálogo

PUBLICIDAD LA OTRA CULTURA : (Registro nro. 60805)

Detalles MARC
000 -LEADER
fixed length control field 00467nam a2200145 a 4500
001 - CONTROL NUMBER
control field 60805
005 - DATE AND TIME OF LATEST TRANSACTION
control field 20180714062216.0
008 - FIXED-LENGTH DATA ELEMENTS--GENERAL INFORMATION
fixed length control field 140415s1987 000 0 spa d
041 ## - LANGUAGE CODE
Language code of text/sound track or separate title spa
082 ## - DEWEY DECIMAL CLASSIFICATION NUMBER
Classification number 659.1
Item number PUB
245 00 - TITLE STATEMENT
Title PUBLICIDAD LA OTRA CULTURA :
Remainder of title CRISTIANISMO Y COMUNICACION EN AMERICA LATINA
260 ## - PUBLICATION, DISTRIBUTION, ETC.
Place of publication, distribution, etc. [s.l.] :
Name of publisher, distributor, etc. IPAL,
Date of publication, distribution, etc. 1987
300 ## - PHYSICAL DESCRIPTION
Extent 292
650 14 - SUBJECT ADDED ENTRY--TOPICAL TERM
Topical term or geographic name entry element COMUNICACION
General subdivision MEDIOS DE COMUNICACION DE MASAS
-- PUBLICIDAD
-- RELIGION Y CULTURA
Existencias
Withdrawn status Lost status Source of classification or shelving scheme Damaged status Not for loan Collection code Home library Current library Shelving location Date acquired Source of acquisition Inventory number Total Checkouts Full call number Barcode Date last seen Price effective from Koha item type
    Dewey Decimal Classification     General Biblioteca Karol Wojtyla Biblioteca Karol Wojtyla Sala general 03/12/2013 Compra 151000000000000000030298   659.1 PUB 9290 06/02/2026 03/12/2013 Libro